Biblioteca y Centro de Documentación

Austerity and tax compliance (Registro nro. 50380)

Detalles MARC
000 -CABECERA
Longitud fija campo de control 01058naa a2200289 c 4500
001 - NÚMERO DE CONTROL
Número de control 50380
003 - IDENTIFICADOR DE NÚMERO DE CONTROL
Identificador del número de control ES-MaCES
005 - FECHA Y HORA DE LA ÚLTIMA TRANSACCIÓN
Fecha y hora de la última transacción 20171220180337.0
008 - CAMPO FIJO DE DESCRIPCIÓN FIJA--INFORMACIÓN GENERAL
Códigos de información de longitud fija   171220s2017 ne ||||| t||||||| ||eng d
040 ## - FUENTE DE CATALOGACIÓN
Centro catalogador de origen ES-MaCES
Lengua de catalogación spa
Centro transcriptor ES-MaCES
Centro modificado ES-MaCES
100 ## - ENCABEZAMIENTO PRINCIPAL--NOMBRE PERSONAL
9 (RLIN) 38839
Nombre de persona Pappadá, Francesco
245 10 - MENCIÓN DE TÍTULO
Título Austerity and tax compliance
Mención de responsabilidad, etc. Francesco Pappadá, Yanos Zylberberg
500 ## - NOTA GENERAL
Nota general Resumen
504 ## - NOTA DE BIBLIOGRAFÍA, ETC.
Nota de bibliografía, etc. Bibliografía: p. 523-524
650 #4 - ASIENTO SECUNDARIO DE MATERIA--TÉRMINO DE MATERIA
9 (RLIN) 30358
Término de materia o nombre geográfico como elemento inicial ajuste estructural
650 #4 - ASIENTO SECUNDARIO DE MATERIA--TÉRMINO DE MATERIA
9 (RLIN) 28082
Término de materia o nombre geográfico como elemento inicial política fiscal
650 #4 - ASIENTO SECUNDARIO DE MATERIA--TÉRMINO DE MATERIA
9 (RLIN) 28093
Término de materia o nombre geográfico como elemento inicial tributación
650 #4 - ASIENTO SECUNDARIO DE MATERIA--TÉRMINO DE MATERIA
9 (RLIN) 28087
Término de materia o nombre geográfico como elemento inicial recaudación de impuestos
650 #4 - ASIENTO SECUNDARIO DE MATERIA--TÉRMINO DE MATERIA
9 (RLIN) 27082
Término de materia o nombre geográfico como elemento inicial consecuencias económicas
650 #4 - ASIENTO SECUNDARIO DE MATERIA--TÉRMINO DE MATERIA
9 (RLIN) 27069
Término de materia o nombre geográfico como elemento inicial econometría
650 #4 - ASIENTO SECUNDARIO DE MATERIA--TÉRMINO DE MATERIA
9 (RLIN) 27070
Término de materia o nombre geográfico como elemento inicial análisis económico
653 10 - TÉRMINO DE INDEXACIÓN--NO CONTROLADO
Término no controlado Política económica
700 ## - ENCABEZAMIENTO SECUNDARIO--NOMBRE PERSONAL
9 (RLIN) 38840
Nombre de persona Zylberberg, Yanos
773 0# - ENTRADA DE DOCUMENTO FUENTE
Itemnumber del ítem fuente 86840
Lugar, editor y fecha de publicación Amsterdam (P.O. Box 211, 1000 AE) Elsevier Science
Otro identificador del documento 089736
Título European economic review
Número de control del registro relacionado (ES-MaCES)25173
Parte(s) relacionada(s) vol. 100 (Nov. 2017) {10156 R. 089736} ;p. 506-524
902 ## - CES. TIPO DE DOCUMENTO
Tipodoc (006$c Sirtex) ART Artículo de revista
942 ## - ELEMENTOS KOHA
Fuente de clasificaión o esquema Clasificación propia del CES
Koha [por defecto] tipo de item Artículos (1982-2017)
Parte de clasificación Economía

No hay ítems disponibles.

© CES, Consejo Económico y Social de España 2021